Astronomy ; a textbook.

Bibliographic Details
Main Author: Duncan, John Charles, 1882-1967
Format: Book
Language:English
Published: New York : Harper, [1955]
Edition:5th ed.
Subjects:

MARC

Tag First Indicator Second Indicator Subfields
LEADER 00000cam a2200000 4500
001 in00000039700
005 20151007064528.0
008 750320s1955 nyu 00000 eng u
010 |a  54011011  
035 |a (OCoLC)01226303 
035 |9 AAE0037AM 
040 |c TOL  |d TXA  |d UtOrBLW 
049 |a TXAM  |c [421975] 
050 0 0 |a QB45  |b .D8 1955 
082 0 |a 520 
092 |a 520  |b D911a, 1955 
100 1 |a Duncan, John Charles,  |d 1882-1967. 
245 1 0 |a Astronomy ;  |b a textbook. 
250 |a 5th ed. 
264 1 |a New York :  |b Harper,  |c [1955] 
264 4 |c [©1955] 
300 |a 500 pages :  |b illustrations ;  |c 25 cm. 
336 |a text  |b txt  |2 rdacontent 
337 |a unmediated  |b n  |2 rdamedia 
338 |a volume  |b nc  |2 rdacarrier 
650 0 |a Astronomy. 
999 |a MARS 
999 f f |s acbd4efc-7e54-33ba-8291-5c45bf554535  |i c3d1b72a-d032-35ec-992a-3b5b4c7e7985  |t 0 
952 f f |p ric  |a Texas A&M University  |b Rellis Campus  |c Joint Library Facility  |d Remote Storage  |t 0  |e QB45 .D8 1955  |h Library of Congress classification  |i unmediated -- volume  |m A14800897959 
998 f f |a QB45 .D8 1955  |t 0  |l Remote Storage